000 01135nam0a22003011 4500
001 v19\rc\1654686
005 20250619004247.0
035 _a(NLR Aleph) 004765329
090 _a4602809
_c4602809
100 _a20061002e18891889|||y0rusy50 ca
101 0 _arus
102 _aRU
105 _aa z |||||
200 1 _aК вопросу о лечении сифилиса интрамускулярными впрыскиваниями каломеля
_f[Соч.] И. Коцына
210 _a[Санкт-Петербург]
_cтип. П.И. Шмидта
_dценз. 1889
215 _a8 с., 2 л. табл.
_d19
309 _aБез тит. л. и обл.
311 _aОтт. из "Рус. медицины". № 16 и 17, 1889 г.
488 0 _12001#$aРусская медицина$v1889, № 16, 17
_tРусская медицина
700 1 _aКоцын
_bИ.М.
_f1858-
_gИзраиль Моисеевич
801 0 _aRU
_bNLR
_gpsbo
801 0 _aRU
_bRuMoRGB
_2psbo
801 1 _aRU
_bProSoft-M
_2rusmarc
852 _aNLR
_j18.277.1.76
899 _aRuMoRGB
_jA 185/194
899 _aБАН
942 _cBOOK
980 _aNB